Statistics for BLACKPINK songs

Click here to take the quiz!

General Stats

  • This quiz has been taken 41 times
  • The average score is 23 of 32

Answer Stats

BORN PINK% Correct
Shutdown
94%
Money
90%
Solo
90%
Lalisa
87%
On The Ground
87%
Pink Venom
87%
Tally
87%
Typa Girl
87%
Gone
84%
How You Like That
84%
Boombayah
81%
Hard To Love
81%
Kill This Love
81%
Pretty Savage
74%
Stay
74%
As If It's Your Last
71%
Really
71%
Whistle
71%
Yeah Yeah Yeah
71%
Kick It
68%
Ready For Love
68%
DDU-DU DDU-DU
65%
Happiest Girl
65%
Lovesick Girls
65%
Forever Young
61%
Playing With Fire
61%
See U Later
61%
Don't Know What To Do
58%
Hope Not
58%
You Never Know
58%
Crazy Over You
55%
Love to Hate Me
55%

Score Distribution

Percentile by Number Answered

Percent of People with Each Score

Your Score History

You have not taken this quiz